[Event "15th BCC Open 2015"]
[Site "Pattaya THA"]
[Date "2015.04.18"]
[Round "8.8"]
[White "Himanshu, Sharma"]
[Black "Gomez, John Paul"]
[Result "1/2-1/2"]
[WhiteTitle "IM"]
[BlackTitle "GM"]
[WhiteElo "2432"]
[BlackElo "2524"]
[WhiteFideId "5007836"]
[BlackFideId "5201381"]
[EventDate "2015.04.12"]
[EventType "swiss"]

1. e4 e5 2. Nf3 Nc6 3. Bb5 Nf6 4. O-O Nxe4 5. d4 Nd6 6. Bxc6 dxc6 7. dxe5 Nf5 8.
Qxd8+ Kxd8 9. h3 Bd7 10. Nc3 h6 11. b3 Ne7 12. Bb2 Ng6 13. Rad1 Kc8 14. Rd2 Be7
15. Rfd1 Rd8 16. Ne2 a5 17. e6 Bxe6 18. Rxd8+ Bxd8 19. Bxg7 h5 20. Nfd4 Bd7 21.
Ng3 c5 22. Nde2 h4 23. Ne4 b6 24. Bf6 Bxf6 25. Nxf6 Bf5 26. Nc3 Kb7 27. Rd2 Rh8
28. Kh2 Ne7 29. Ng4 Nc6 30. Ne3 Be6 31. Ne2 a4 32. Nf4 axb3 33. axb3 Bc8 34. Rd5
Nd4 35. Re5 Rh7 36. Kg1 Rh6 37. Kf1 Rf6 38. Nd3 Rd6 39. Nf4 Rf6 40. Nfd5 Rd6 41.
Nc3 Rh6 42. Ne2 Kc6 43. Nf4 Rf6 44. Nfd5 Ba6+ 45. Ke1 Rd6 46. Nc3 f5 47. f4 Re6
48. Kd2 Rd6 49. Kc1 Re6 50. Nxf5 Nxf5 51. Rxf5 Re1+ 52. Kd2 Rg1 53. Rg5 Bf1 54.
Ke1 Bd3+ 55. Kd2 Bf1 56. Ne4 Rxg2+ 57. Rxg2 Bxg2 58. Ng5 Kd5 59. Kd3 Bf1+ 60.
Ke3 c4 61. bxc4+ Bxc4 62. c3 c5 63. Nf3 Bf1 64. Nxh4 Bxh3 65. Nf3 1/2-1/2

[Event "15th BCC Open 2015"]
[Site "Pattaya THA"]
[Date "2015.04.18"]
[Round "8.9"]
[White "Kunte, Abhijit"]
[Black "Bersamina, Paulo"]
[Result "1-0"]
[WhiteTitle "GM"]
[BlackTitle "IM"]
[WhiteElo "2485"]
[BlackElo "2359"]
[WhiteFideId "5002265"]
[BlackFideId "5206995"]
[EventDate "2015.04.12"]
[EventType "swiss"]

1. d4 Nf6 2. c4 d6 3. Nf3 Bg4 4. Qb3 Qc8 5. g3 Nc6 6. d5 Bxf3 7. Qxf3 Ne5 8. Qb3
h5 9. h3 g6 10. Bg2 Bg7 11. Nc3 O-O 12. Be3 c6 13. Rc1 Ned7 14. dxc6 bxc6 15.
Qa4 Nb6 16. Bxb6 axb6 17. Qxc6 Qxc6 18. Bxc6 Rac8 19. Bb5 d5 20. O-O dxc4 21.
Na4 Ne4 22. Bxc4 Rb8 23. Bd3 b5 24. Nc3 Nxc3 25. bxc3 Rfc8 26. Rb1 Rxc3 27. Bxb5
h4 28. g4 Rxh3 29. e3 Rf3 30. Be2 Rxb1 31. Rxb1 Rf6 32. a4 Rc6 33. a5 Rc7 34. a6
Be5 35. Bf3 Ra7 36. Bb7 g5 37. Kg2 Kf8 38. Rb4 Bd6 39. Rc4 e6 40. f4 f6 41. Kf3
Ke7 42. Rc8 Kf7 43. Rc6 Ke7 44. Rb6 h3 45. Rb1 gxf4 46. exf4 e5 47. Rh1 exf4 48.
Rxh3 Be5 49. Rh7+ Kf8 50. Ke4 Bd6 51. Rd7 Be5 52. g5 Ba1 53. g6 f5+ 54. Kxf4 Bb2
55. Kxf5 Ba1 56. Rc7 Kg8 57. Bd5+ 1-0

[Event "15th BCC Open 2015"]
[Site "Pattaya THA"]
[Date "2015.04.18"]
[Round "8.10"]
[White "Sunilduth Lyna, Narayanan"]
[Black "Frayna, Janelle Mae"]
[Result "1-0"]
[WhiteTitle "IM"]
[BlackTitle "WIM"]
[WhiteElo "2464"]
[BlackElo "2167"]
[WhiteFideId "5058422"]
[BlackFideId "5212499"]
[EventDate "2015.04.12"]
[EventType "swiss"]

1. d4 Nf6 2. c4 g6 3. Nf3 Bg7 4. e3 O-O 5. Be2 c5 6. d5 e6 7. Nc3 exd5 8. cxd5
d6 9. O-O a6 10. a4 Re8 11. Nd2 Nbd7 12. e4 Rb8 13. h3 Qc7 14. Qc2 h6 15. b3 g5
16. Bb2 Ne5 17. Rfe1 Bd7 18. Nf1 b5 19. axb5 axb5 20. Ng3 c4 21. Nd1 Rec8 22.
Bd4 Ne8 23. Ra7 Rb7 24. Rxb7 Qxb7 25. Ne3 Nd3 26. Bxd3 Bxd4 27. bxc4 Bxe3 28.
Rxe3 bxc4 29. Be2 Qb4 30. Rc3 Ba4 31. Qc1 Bb5 32. Nf5 Kh7 33. h4 Ng7 34. Nxg7
Kxg7 35. hxg5 h5 36. Bxh5 Re8 37. Qa1 Kg8 38. g6 fxg6 39. Bxg6 Re7 40. Rg3 c3
41. Qa8+ Kg7 42. Bf5+ 1-0

[Event "15th BCC Open 2015"]
[Site "Pattaya THA"]
[Date "2015.04.19"]
[Round "9.2"]
[White "Dragun, Kamil"]
[Black "Vallejo Pons, Francisco"]
[Result "1-0"]
[WhiteTitle "GM"]
[BlackTitle "GM"]
[WhiteElo "2558"]
[BlackElo "2708"]
[WhiteFideId "1134167"]
[BlackFideId "2205530"]
[EventDate "2015.04.12"]

1. d4 Nf6 2. c4 e6 3. Nc3 Bb4 4. e3 O-O 5. Nf3 d5 6. Bd3 b6 7. O-O c5 8. cxd5
exd5 9. a3 Bxc3 10. bxc3 c4 11. Bc2 Bg4 12. Qe1 Bh5 13. Ne5 Nfd7 14. f4 f6 15.
Qh4 fxe5 16. Qxh5 Nf6 17. Qxe5 Re8 18. Qg5 Nc6 19. Rf3 Na5 20. Rg3 Qe7 21. Rb1
Nb3 22. a4 Qf7 23. Qf5 Rad8 24. Bxb3 cxb3 25. Rxb3 Rc8 26. Bb2 Rc4 27. Ra3 Ne4
28. Qxf7+ Kxf7 29. Rh3 Kg6 30. g4 Nf6 31. Rg3 Ne4 32. Rg2 Rec8 33. h4 Kf6 34. h5
Nxc3 35. Bxc3 Rxc3 36. Rga2 Rxa3 37. Rxa3 Rc2 38. Rb3 Ra2 39. Rc3 Rxa4 40. Rc6+
Kf7 41. Rc7+ Kg8 42. Rb7 Ra2 43. Kf1 h6 44. g5 hxg5 45. fxg5 Rh2 46. g6 Kf8 47.
Rf7+ Ke8 48. Rxg7 Rxh5 49. Rxa7 Kf8 50. Rb7 Rf5+ 51. Ke2 Rf6 52. Rd7 Rf5 53. Kd3
Kg8 54. Kc3 Rf3 55. Kd3 Rf5 56. Rd6 b5 57. Kc3 Rf3 58. Re6 Rf1 59. Re5 1-0

[Event "15th BCC Open 2015"]
[Site "Pattaya THA"]
[Date "2015.04.19"]
[Round "9.3"]
[White "Ghosh, Diptayan"]
[Black "Short, Nigel D"]
[Result "0-1"]
[WhiteTitle "IM"]
[BlackTitle "GM"]
[WhiteElo "2512"]
[BlackElo "2664"]
[WhiteFideId "5045207"]
[BlackFideId "400025"]
[EventDate "2015.04.12"]

1. d4 Nf6 2. c4 e6 3. Nc3 Bb4 4. Nf3 b6 5. Bg5 Bb7 6. e3 h6 7. Bh4 Bxc3+ 8. bxc3
d6 9. Nd2 g5 10. Bg3 Nbd7 11. f3 Qe7 12. e4 Nh5 13. Bf2 f5 14. Qc2 O-O-O 15.
O-O-O fxe4 16. Nxe4 Ndf6 17. Ng3 Kb8 18. Re1 Qf7 19. Be3 Nf4 20. h4 Rhg8 21.
hxg5 hxg5 22. Qd2 e5 23. Nf5 Qd7 24. dxe5 Qxf5 25. exf6 Qxf6 26. Qd4 Qf7 27.
Bxf4 gxf4 28. Rh4 Rdf8 29. Rh6 Re8 30. Rxe8+ Qxe8 31. Qd2 Qe7 32. Bd3 Qg5 33.
Re6 Bc6 34. Re2 Qc5 35. Kb2 Qg1 36. Bh7 Rg5 37. Bc2 a5 38. a3 Kc8 39. Qxf4 Rxg2
40. Rxg2 Qxg2 41. Qg4+ Qxg4 42. fxg4 Kd7 43. Kc1 Ke6 44. g5 Ke5 45. Kd2 Bd7 46.
Ke3 Bf5 47. Bd1 Be6 48. Bc2 Bxc4 49. Bb1 Be6 50. Bd3 Bf5 51. Bb5 Bg6 52. Bd7 Bf7
53. Kf3 Be6 54. Be8 Kf5 55. g6 Kf6 56. Ke4 Bb3 57. Kd4 Be6 58. Ke4 Ba2 59. Kd4
Bb3 60. c4 Bd1 61. Ke4 Be2 62. Kd4 c5+ 63. Kc3 Bg4 64. Kb3 Be6 65. Kc3 Bf5 66.
Kb3 Bxg6 67. Bxg6 Kxg6 68. Ka4 Kf5 69. Kb5 Ke5 70. Kxb6 a4 0-1

[Event "15th BCC Open 2015"]
[Site "Pattaya THA"]
[Date "2015.04.19"]
[Round "9.4"]
[White "Gustafsson, Jan"]
[Black "Kunte, Abhijit"]
[Result "1/2-1/2"]
[WhiteTitle "GM"]
[BlackTitle "GM"]
[WhiteElo "2639"]
[BlackElo "2485"]
[WhiteFideId "4625498"]
[BlackFideId "5002265"]
[EventDate "2015.04.12"]

1. c4 c5 2. Nf3 Nc6 3. Nc3 Nd4 4. e3 Nxf3+ 5. Qxf3 g6 6. g3 Bg7 7. Bg2 Nf6 8.
O-O d6 9. d4 Nd7 10. Rd1 O-O 11. b3 a6 12. Bb2 Rb8 13. Qe2 cxd4 14. exd4 Nf6 15.
h3 Bd7 16. b4 Re8 17. Kh2 h5 18. Bc1 e5 19. dxe5 Rxe5 20. Qc2 Bf5 21. Qb3 Ne4
22. Bxe4 Bxe4 23. Bf4 Qf6 24. Nxe4 Rxe4 25. Rac1 Bh6 26. Qc3 Qxc3 27. Rxc3 Bxf4
28. gxf4 Rxf4 29. Kg3 Rf6 30. Rcd3 Rc8 31. Rxd6 Rxd6 32. Rxd6 Rxc4 33. Rb6 Rc3+
34. Kg2 Ra3 35. Rxb7 Rxa2 36. b5 axb5 37. Rxb5 Ra4 38. Rb7 Kg7 39. Rc7 g5 40.
Rb7 Kg6 41. Rb6+ f6 42. Rb5 Ra3 43. Rc5 g4 44. hxg4 hxg4 45. Rb5 Ra2 46. Kg3 f5
47. Rb8 Ra3+ 48. Kg2 Kg5 49. Rg8+ Kf4 50. Rb8 Ra2 51. Rb4+ Kg5 52. Rb5 Rd2 53.
Ra5 Kf4 54. Ra4+ Ke5 55. Ra5+ Ke4 56. Ra4+ Rd4 57. Rxd4+ Kxd4 58. f3 g3 59. Kxg3
Ke3 60. f4 1/2-1/2

[Event "15th BCC Open 2015"]
[Site "Pattaya THA"]
[Date "2015.04.19"]
[Round "9.5"]
[White "Sunilduth Lyna, Narayanan"]
[Black "Barbosa, Oliver"]
[Result "1/2-1/2"]
[WhiteTitle "IM"]
[BlackTitle "GM"]
[WhiteElo "2464"]
[BlackElo "2501"]
[WhiteFideId "5058422"]
[BlackFideId "5201640"]
[EventDate "2015.04.12"]

1. d4 Nf6 2. c4 e6 3. Nf3 d5 4. Nc3 Bb4 5. cxd5 exd5 6. Bg5 h6 7. Bh4 Nbd7 8. e3
c5 9. Be2 Qa5 10. O-O c4 11. Ne5 Bxc3 12. bxc3 O-O 13. Nxd7 Nxd7 14. e4 dxe4 15.
Bxc4 Qf5 16. Bb3 b6 17. Re1 Bb7 18. c4 Rac8 19. h3 Rfe8 20. Rc1 Qg6 21. Qg4 Nf8
22. Bg3 Qxg4 23. hxg4 Ne6 24. d5 Nc5 25. Rcd1 Red8 26. Re3 a6 27. Bc2 b5 28.
cxb5 axb5 29. d6 b4 30. Rd4 Ra8 31. Bb3 Nd3 32. f3 Nc5 33. Rxb4 exf3 34. gxf3
Nxb3 35. Rxb7 Nc5 36. Rb2 Rd7 37. Re7 Rxe7 38. dxe7 f6 39. Bd6 Ne6 40. Kf2 Kf7
41. a3 g6 42. Rb7 Nd4 43. Bc5 Nc6 44. Rc7 Ne5 45. Ke2 Ke6 46. Bb4 h5 47. gxh5
gxh5 48. f4 Ng6 49. Kf3 Rg8 50. Rc6+ Kf7 51. Bc3 f5 52. Bb4 h4 53. Rc1 h3 54.
Rh1 Nh4+ 55. Kf2 Rg2+ 56. Kf1 h2 57. Be1 Rg1+ 58. Rxg1 hxg1=Q+ 59. Kxg1 Ng6 60.
Bd2 Kxe7 1/2-1/2

[Event "15th BCC Open 2015"]
[Site "Pattaya THA"]
[Date "2015.04.19"]
[Round "9.6"]
[White "Horvath, Jozsef1"]
[Black "Smirnov, Anton"]
[Result "1-0"]
[WhiteTitle "GM"]
[BlackTitle "IM"]
[WhiteElo "2527"]
[BlackElo "2410"]
[WhiteFideId "700061"]
[BlackFideId "3208923"]
[EventDate "2015.04.12"]

1. Nf3 Nf6 2. c4 g6 3. Nc3 d5 4. cxd5 Nxd5 5. Qb3 Nb6 6. d4 Bg7 7. Bf4 Be6 8.
Qa3 O-O 9. e3 N8d7 10. Be2 c5 11. O-O Nc4 12. Bxc4 Bxc4 13. Rfe1 cxd4 14. exd4
e6 15. Bg5 Qb6 16. Ne5 Nxe5 17. dxe5 h6 18. Be7 Rfc8 19. Rad1 Qa6 20. Qb4 Qb6
21. Qxb6 axb6 22. a3 Rc7 23. Bb4 b5 24. f4 Rac8 25. Rd2 f6 26. exf6 Bxf6 27. Ne4
Bg7 28. Nd6 Ra8 29. Nxc4 Rxc4 30. Rxe6 Rxf4 31. Rxg6 Kh7 32. Rgd6 Rc8 33. g3 Rf7
34. Kg2 Rc6 35. R6d5 Rc1 36. Kh3 Rb1 37. Rd7 Rxd7 38. Rxd7 Kg8 39. Rxb7 Bxb2 40.
Kg4 Ra1 41. Kh5 Bxa3 42. Bxa3 Rxa3 43. Kxh6 Ra2 44. Rxb5 Rxh2+ 45. Kg6 Kf8 46.
g4 Rg2 47. g5 Rg1 48. Rb8+ Ke7 49. Rg8 Ra1 50. Kg7 Ra7 51. g6 Ke6+ 52. Kh6 Re7
53. g7 Ke5 54. Rf8 1-0

[Event "15th BCC Open 2015"]
[Site "Pattaya THA"]
[Date "2015.04.19"]
[Round "9.7"]
[White "Socko, Bartosz"]
[Black "Ravi, Teja S."]
[Result "1/2-1/2"]
[WhiteTitle "GM"]
[WhiteElo "2623"]
[BlackElo "2401"]
[WhiteFideId "1107038"]
[BlackFideId "5017220"]
[EventDate "2015.04.12"]
[EventType "swiss"]

1. d4 d5 2. c4 c6 3. Nc3 Nf6 4. e3 a6 5. Qc2 e6 6. Nf3 c5 7. cxd5 exd5 8. Be2
Nc6 9. O-O Be6 10. Rd1 Nb4 11. Qd2 Ne4 12. Nxe4 dxe4 13. Ne5 cxd4 14. exd4 Nd5
15. Qc2 f6 16. Qa4+ b5 17. Bxb5+ axb5 18. Qxb5+ Bd7 19. Qxd5 fxe5 20. Qxe4 Be7
21. dxe5 Qc8 22. Be3 Qc6 23. Qxc6 Bxc6 24. Rac1 Rc8 25. Bc5 Bd7 26. Bxe7 Kxe7
27. f4 Rxc1 28. Rxc1 Ra8 29. a3 Ra4 30. g3 g5 31. fxg5 Rg4 32. Kf2 Rxg5 33. Rc3
Ke6 34. Ke3 Rh5 35. Rc2 Ba4 36. Rf2 Rxe5+ 37. Kd4 h5 38. Rf4 1/2-1/2

[Event "15th BCC Open 2015"]
[Site "Pattaya THA"]
[Date "2015.04.19"]
[Round "9.8"]
[White "Ikeda, Junta"]
[Black "Gomez, John Paul"]
[Result "0-1"]
[WhiteTitle "IM"]
[BlackTitle "GM"]
[WhiteElo "2403"]
[BlackElo "2524"]
[WhiteFideId "3204731"]
[BlackFideId "5201381"]
[EventDate "2015.04.12"]
[EventType "swiss"]

1. e4 e6 2. d4 d5 3. Nd2 Nf6 4. e5 Nfd7 5. Bd3 c5 6. c3 Nc6 7. Ne2 a5 8. f4 a4
9. a3 cxd4 10. cxd4 Nb6 11. O-O Be7 12. Nf3 Na5 13. g4 Nb3 14. Rb1 Nc4 15. f5
Nxc1 16. Qxc1 Qb6 17. f6 gxf6 18. exf6 Bd6 19. Bxc4 dxc4 20. Qxc4 Rg8 21. h3 Bd7
22. Nc3 h5 23. g5 h4 24. Rfe1 Ra5 25. Re4 Rf5 26. Qe2 Kd8 27. Rxh4 Bc6 28. Ne4
Bxa3 29. Rg4 Kc7 30. h4 Kb8 31. Kh2 Bd6+ 32. Kg2 a3 33. b3 Bf4 34. Kh3 a2 35.
Rf1 Qxb3 36. Nc5 Rxc5 37. Rxf4 Ra5 38. Ra1 Ra3 39. Kg4 Qb1 40. Qe5+ Ka8 41. d5
Bxd5 42. h5 Qd3 43. g6 Bxf3+ 44. Kg5 Rxg6+ 45. hxg6 Qxg6+ 46. Kh4 Qh6+ 47. Kg3
Be4+ 0-1

[Event "15th BCC Open 2015"]
[Site "Pattaya THA"]
[Date "2015.04.19"]
[Round "9.9"]
[White "Dale, Ari"]
[Black "Rasmussen, Allan Stig"]
[Result "0-1"]
[WhiteTitle "IM"]
[BlackTitle "GM"]
[WhiteElo "2318"]
[BlackElo "2532"]
[WhiteFideId "3213145"]
[BlackFideId "1406000"]
[EventDate "2015.04.12"]
[EventType "swiss"]

1. d4 d5 2. c4 dxc4 3. Nf3 Nf6 4. e3 b5 5. b3 e6 6. bxc4 bxc4 7. Bxc4 Nbd7 8.
O-O Bb7 9. Nc3 Be7 10. d5 exd5 11. Nxd5 Bd6 12. e4 O-O 13. Bg5 h6 14. Bh4 g5 15.
Nxg5 Bxd5 16. Bxd5 Nxd5 17. Qxd5 hxg5 18. Bxg5 Nb6 19. Qd2 f6 20. Bh6 Rf7 21.
Qe2 Rh7 22. Qg4+ Kh8 23. Bf4 Bxf4 24. Qxf4 Qd6 25. Qxd6 cxd6 26. Rfd1 Rd7 27. a4
Rc8 28. a5 Nc4 29. Rd5 Rc5 30. a6 Rxd5 31. exd5 Nb6 32. Rb1 Kg7 33. f4 Kg6 34.
Kf2 Rc7 35. g4 Rc2+ 36. Kg3 Rc3+ 37. Kh4 Ra3 38. f5+ Kf7 39. Rb5 Rd3 40. Rb2 Kg7
41. Rc2 Nxd5 42. Rc6 Nc3 43. g5 fxg5+ 44. Kg4 Ne4 45. Rc8 Ra3 46. Rd8 Rxa6 47.
h4 Nf6+ 48. Kg3 Ra3+ 49. Kg2 gxh4 50. Rxd6 h3+ 51. Kh1 Kf7 0-1

[Event "15th BCC Open 2015"]
[Site "Pattaya THA"]
[Date "2015.04.19"]
[Round "9.10"]
[White "Illingworth, Max"]
[Black "Juhasz, Kristof"]
[Result "1-0"]
[WhiteTitle "IM"]
[BlackTitle "FM"]
[WhiteElo "2489"]
[BlackElo "2375"]
[WhiteFideId "3205207"]
[BlackFideId "738808"]
[EventDate "2015.04.12"]
[EventType "swiss"]

1. e4 c6 2. d4 d5 3. e5 Bf5 4. h4 h5 5. c4 e6 6. Nc3 Ne7 7. Nge2 Nd7 8. Ng3 Bg6
9. a3 Nf5 10. Nxf5 Bxf5 11. cxd5 cxd5 12. Bg5 Be7 13. Bxe7 Qxe7 14. Nb5 O-O 15.
Qxh5 f6 16. f4 fxe5 17. fxe5 Be4 18. Nd6 Rf4 19. Rh2 Raf8 20. Be2 Bh7 21. Rd1
Qd8 22. g3 Qa5+ 23. b4 Qxa3 24. gxf4 Qg3+ 25. Rf2 Rxf4 26. Bf3 Be4 27. Qg5 Rxf3
28. Qxg3 Rxg3 29. Nxe4 dxe4 30. d5 Rg1+ 31. Rf1 Rxf1+ 32. Kxf1 Nxe5 33. d6 Nc6
34. b5 Nd8 35. Rc1 Kf8 36. Ke2 a6 37. b6 Ke8 38. Rc7 Nf7 39. Re7+ Kf8 40. Rxb7
Nxd6 41. Rd7 1-0